000 00704nam a2200229 a 4500
001 BRL_1814
005 20190320211359.0
008 050815s1965----mx-a######---#000-0#spa-#
041 _aspa
044 _amx
050 4 _aPQ7297.T48
_b.A6 1965
100 1 _aTibón, Gutierre
_d1905-1999
_927941
245 1 0 _aGutierre Tibón 25 años en México
_bbreve antología
_cprológo de Isidro Fabela ; introducción y selección de Enrique Cordero y Torres.
250 _a2a ed.
260 _aMéxico
_bB. Costa-Amic
_c1965
300 _a156 p.
_bil.
_c20 cm.
500 _aAu2101
700 1 _aFabela, Isidro
_eprol.
_927942
700 1 _aCordero y Torres, Enrique
_927943
902 _aGRL
942 _2lcc
_cB
999 _c10622
_d10622